[Event "Bad Woerishofen op"]
[Site "Bad Woerishofen"]
[Date "2001.??.??"]
[Round "8"]
[White "Theussl, Manfred"]
[Black "Woerl, Richard"]
[Result "1-0"]
[WhiteElo "1836"]
[BlackElo "2088"]
[Annotator "ChessOrg"]
[PlyCount "77"]
[EventDate "1998.03.05"]
[Source "ChessBase"]
[SourceDate "1998.04.29"]

1. d4 {D00: Damenbauernspiele} 1... d5 2. e3 Bf5 3. Bd3 3... Bg6 {
letzter Buchzug} 4. Ne2 e6 5. c3 Bd6 6. Ng3 Nf6 7. Qe2 O-O (7... Bxd3 8. Qxd3
O-O 9. Nd2 $11) 8. Nd2 Nbd7 9. f4 (9. Bxg6 fxg6 10. e4 10... e5 $11) 9... Bxd3
10. Qxd3 Ng4 11. Nf3 f6 (11... f5 12. c4 $11) 12. h3 Nh6 13. Bd2 c6 14. O-O-O (
14. e4 f5 15. exd5 15... exd5 $11) 14... Qa5 15. Kb1 b5 16. e4 b4 17. e5 Be7 (
17... bxc3 18. exd6 cxd2 19. Qc2 $11) 18. f5 (18. exf6 $142 18... Rxf6 19. Ne5
Nxe5 20. fxe5 $14) 18... Rab8 $4 (18... fxe5 $5 19. Bxh6 gxh6 20. cxb4 Qxb4 21.
dxe5 21... Rab8 $11) 19. c4 (19. fxe6 $5 $142 19... bxc3 20. Bxc3 $18 (20. exd7
$4 20... Rxb2+ 21. Kc1 Qxa2 22. Qxh7+ Kxh7 23. Ng5+ fxg5 24. d8=Q Qb1#)) 19...
Nxf5 $14 20. Nxf5 exf5 21. Qxf5 21... dxc4 $4 (21... Nb6 $142 22. c5 22... Nc4
$16) 22. Qxd7 $18 22... c3 23. Qxe7 c2+ (23... cxd2 24. Rxd2 b3 25. a3 $18) 24.
Ka1 (24. Kxc2 Qxa2 25. Qc5 25... fxe5 $18) 24... Qa4 $4 (24... Rfe8 25. Qd6
cxd1=B 26. Rxd1 Qd5 27. Bxb4 27... Qb5 $18) 25. Qe6+ Kh8 26. b3 (26. Rde1 $142
26... b3 27. a3 $18) 26... cxd1=Q+ 27. Rxd1 Qb5 28. Qc4 Qb7 (28... Qxc4 29.
bxc4 Rfe8 30. Re1 $18) 29. e6 a5 30. Rc1 Rfc8 31. Bf4 Ra8 32. Bd6 c5 (32... Re8
$18 $142) 33. dxc5 Ra6 (33... a4 34. e7 $18) 34. e7 a4 (34... Raa8 $18) 35. Qf7
(35. Ng5 $142 35... fxg5 36. Rf1 36... Raa8 $18) 35... Raa8 (35... Qa8 36. Re1
Re8 37. bxa4 Rxa4 38. Qf8+ Rxf8 39. exf8=Q+ Qxf8 40. Bxf8 40... Kg8 $18) 36.
e8=Q+ $1 36... Rxe8 37. Qxb7 axb3 38. Qxa8 (38. c6 $142 38... Rxa2+ 39. Kb1
39... b2 $18) 38... Rxa8 39. Kb2 (39. Kb2 bxa2 40. c6 $18) (39. c6 $5 $142
39... bxa2 40. c7 Rc8 41. Bxb4 41... g5 $18) 1-0

[Event "Bad Woerishofen op"]
[Site "?"]
[Date "2001.??.??"]
[Round "1"]
[White "Thurner, Michael"]
[Black "Teich, Udo"]
[Result "0-1"]
[WhiteElo "1495"]
[BlackElo "2119"]
[Annotator "ChessOrg"]
[PlyCount "52"]
[EventDate "2000.??.??"]

1. e4 {C01: Franzoesische Verteidigung (Abtauschvariante)} 1... e6 2. d4 d5 3.
exd5 exd5 4. Nf3 Bd6 5. Nc3 {letzter Buchzug} 5... Ne7 6. Bd3 Bg4 7. Be3 Nbc6
8. Nb5 Bb4+ 9. c3 Ba5 10. a4 (10. O-O a6 11. Na3 11... Qd6 $11) 10... a6 11. b4
$2 (11. O-O $11 $142) 11... Nxb4 $1 $19 (11... axb5 $6 12. bxa5 b4 13. Bd2 $17)
12. cxb4 Bxb4+ 13. Bd2 Bxd2+ 14. Qxd2 axb5 (14... Bxf3 15. gxf3 axb5 16. Bxb5+
c6 17. Bd3 $19) 15. Bxb5+ $17 15... c6 16. Be2 Bxf3 17. Bxf3 O-O 18. O-O Nf5
19. Rfd1 Nd6 20. Qb4 Re8 21. Re1 Rxe1+ 22. Rxe1 g6 (22... Qa5 23. Qxa5 Rxa5 24.
Bd1 $17) 23. Bg4 (23. Rd1 23... Qe7 $17) 23... Qa5 $19 24. Qxa5 (24. Rb1 Qxb4
25. Rxb4 25... b5 $19) 24... Rxa5 25. Bd1 b5 26. axb5 26... Nc4 $4 (26... Nc4
27. bxc6 27... Nd6 $18) (26... Nxb5 $142 27. Kf1 27... Nxd4 $19) 0-1

[Event "Bad Woerishofen op"]
[Site "Bad Woerishofen"]
[Date "2001.??.??"]
[Round "3"]
[White "Thurner, Michael"]
[Black "Diete, Guenter"]
[Result "1-0"]
[WhiteElo "1495"]
[BlackElo "1820"]
[Annotator "ChessOrg"]
[PlyCount "108"]
[EventDate "1998.03.05"]
[Source "ChessBase"]
[SourceDate "1998.04.29"]

1. e4 {C01: Franzoesische Verteidigung (Abtauschvariante)} 1... e6 2. d4 d5 3.
exd5 exd5 4. Nf3 Bd6 5. Be2 {letzter Buchzug} 5... Ne7 6. O-O O-O 7. Re1 Re8 8.
Bg5 f6 9. Bh4 Nd7 10. Nc3 c6 11. Bd3 Nf8 12. Ne2 Nf5 13. Bg3 Nxg3 14. Nxg3 Bg4
15. Rxe8 Qxe8 16. Bf5 Bxf3 17. Qxf3 (17. gxf3 $143 17... g6 18. Bh3 18... Ne6
$17) 17... g6 18. Bd3 f5 19. Ne2 Qf7 20. g3 Re8 21. Kf1 Ne6 22. h4 Ng7 23. Nf4
(23. Re1 23... Nh5 $11) 23... Qc7 24. Ne2 Qb6 25. b3 Ne6 26. c3 Qa5 27. a4 Qb6
28. b4 a6 29. Re1 Qd8 30. h5 Ng5 31. Qh1 Qd7 32. hxg6 Re7 (32... hxg6 33. Qh6
Qh7 34. Qxg5 Qh1+ 35. Ng1 Rxe1+ 36. Kxe1 Qxg1+ 37. Bf1 $16) 33. Qh5 (33. Qh6
33... Ne4 $16) 33... Ne4 $16 34. Bxe4 (34. Kg2 34... Qe6 $14) 34... fxe4 $14
35. Nf4 Bxf4 36. gxf4 hxg6 37. Qxg6+ Rg7 38. Qh5 Qf7 (38... Qg4 $5 39. Qxg4
39... Rxg4 $11) 39. Qh4 Qd7 (39... Rh7 $5 40. Qg5+ 40... Qg7 $16) 40. Re3 $18
40... Kf8 41. Rg3 Rh7 42. Qf6+ Rf7 43. Qh8+ Ke7 44. Ke2 b6 (44... Qf5 $142 45.
Qe5+ Qxe5 46. fxe5 46... Rh7 $16) 45. Qe5+ Qe6 46. Ke3 (46. Rg6 $1 $142 46...
Qxe5 47. fxe5 Rf3 48. Rxc6 48... a5 $18) 46... Kd7 (46... Qxe5 47. dxe5 Rh7 48.
f5 $16) 47. Qxe6+ $16 47... Kxe6 48. Rg6+ Kd7 49. b5 axb5 50. axb5 cxb5 51.
Rxb6 Kc7 (51... Rf5 52. Rxb5 Ke6 53. Rb6+ Kd7 54. c4 dxc4 55. Rb4 $18) 52. Rxb5
52... Rh7 $2 (52... Kd6 $18) 53. Rxd5 Rh3+ 54. Kxe4 Rxc3 (54... Rh2 $18) 1-0

[Event "Bad Woerishofen op"]
[Site "Bad Woerishofen"]
[Date "2001.??.??"]
[Round "5"]
[White "Thurner, Michael"]
[Black "Wiesbeck, Florian"]
[Result "1-0"]
[WhiteElo "1495"]
[BlackElo "1815"]
[Annotator "ChessOrg"]
[PlyCount "67"]
[EventDate "1998.03.05"]
[Source "ChessBase"]
[SourceDate "1998.04.29"]

1. Nf3 {A37: Englische Eroeffnung (Symmetrische Variante)} 1... c5 2. g3 Nc6 3.
Bg2 g6 4. O-O Bg7 5. d3 e6 6. c4 Nge7 7. Nc3 7... a6 {letzter Buchzug} 8. Qc2
O-O 9. Rb1 d6 10. a3 Rb8 11. b4 cxb4 12. axb4 b5 13. cxb5 axb5 14. Bd2 Bd7 15.
Ne4 Qc7 16. Rfc1 f5 17. Nc3 Rfc8 18. Qb3 Kh8 19. Ng5 d5 20. e4 (20. Ra1 Nd4 21.
Qd1 21... Ndc6 $14) 20... Nd4 (20... dxe4 21. Bf4 21... Nd4 $14) 21. Qd1 $14
21... Bc6 (21... dxe4 22. Bf4 e5 23. Nd5 Nxd5 24. Rxc7 Rxc7 25. Bd2 $16) 22.
exd5 exd5 (22... Nxd5 23. Nxe6 $1 23... Nxe6 24. Nxd5 $14) 23. Bf4 $18 23...
Qd7 24. Bxb8 Rxb8 25. Ne2 Ne6 26. Nxe6 Qxe6 27. Nf4 Qd6 28. Qe2 Re8 29. Qc2 (
29. Qe6 Qxe6 30. Nxe6 30... Be5 $18) 29... Rc8 30. Qc5 Qd7 31. Re1 Re8 (31...
Bf6 $18) 32. Rbc1 Kg8 (32... Bh6 33. d4 $18) 33. Re6 Bf8 (33... Ba8 34. Rce1
Bf8 35. Nxd5 Bxd5 36. Bxd5 Qxd5 37. Qxd5 Nxd5 38. Rxe8 $18) 34. Rxc6 (34. Rxc6
Nxc6 35. Bxd5+ Kh8 36. Bxc6 $18) 1-0

[Event "Bad Woerishofen op"]
[Site "?"]
[Date "2001.??.??"]
[Round "1"]
[White "Trifunovic, Dusan"]
[Black "Aleksandrov, Alexei"]
[Result "0-1"]
[WhiteElo "2063"]
[BlackElo "2610"]
[Annotator "ChessOrg"]
[PlyCount "88"]
[EventDate "2000.??.??"]

1. e4 {C22: Mittelgambit} 1... e5 2. d4 exd4 3. Qxd4 Nc6 4. Qe3 Nf6 5. Nc3 Be7
6. Bd2 d5 7. exd5 Nxd5 8. Nxd5 8... Qxd5 {letzter Buchzug} 9. Ne2 O-O 10. Nc3
Qh5 11. Be2 Qg6 12. Bd3 Qxg2 13. O-O-O Qh3 14. Qe4 Bd6 15. Rdg1 Ne5 (15... Bxh2
$4 16. Rg2 Bf5 17. Qxf5 (17. Rgxh2 $6 17... Qxh2 18. Rxh2 Bxe4 19. Bxe4 19...
g6 $14) 17... Qxf5 18. Bxf5 $18) 16. Be2 Ng6 17. Rg5 Qh4 18. Qxh4 Nxh4 19. Rhg1
g6 20. Nb5 (20. Ne4 20... Nf5 $15 (20... Bxh2 $143 21. Rh1 $16)) 20... Re8 $17
(20... Bxh2 $143 21. Rh1 a6 22. Nc3 $16) 21. Bd1 Nf5 22. Bg4 a6 (22... Bxh2 23.
Rg2 f6 24. Rh5 gxh5 25. Bxf5+ Kf7 26. Bxc8 Raxc8 27. Rxh2 $15) 23. Nxd6 Nxd6 (
23... cxd6 $2 24. Bxf5 Re2 25. R1g2 $18) 24. Bxc8 Raxc8 25. Re1 Rxe1+ 26. Bxe1
Re8 27. Kd1 f5 28. Rg3 Re4 29. f3 Re6 30. b3 Nb5 31. Bd2 Kf7 32. a4 Nd4 33. f4
Rd6 34. Rd3 Ne6 35. Rxd6 cxd6 36. Be3 g5 (36... h6 37. h4 $17) 37. fxg5 $15
37... f4 38. Bd2 Kg6 (38... Nxg5 $143 39. Bxf4 Ne4 40. Ke2 $14) 39. h4 Kh5 40.
Ke2 (40. Be1 $5 $17 $142) 40... Kxh4 $19 41. Kf3 Kxg5 42. Ke4 (42. c4 42... h5
$19) 42... Kg4 43. Kd5 (43. Kd3 f3 44. Be1 Nf4+ 45. Kd2 45... h5 $19) 43... Ng5
44. Kxd6 (44. Bc1 h5 45. Bb2 $19) 44... Ne4+ (44... Ne4+ 45. Kc7 Nxd2 46. Kxb7
46... f3 $19) 0-1

[Event "Bad Woerishofen op"]
[Site "Bad Woerishofen"]
[Date "2001.??.??"]
[Round "3"]
[White "Trifunovic, Dusan"]
[Black "Markus, John R"]
[Result "0-1"]
[WhiteElo "2063"]
[BlackElo "2225"]
[Annotator "ChessOrg"]
[PlyCount "102"]
[EventDate "1998.03.05"]
[Source "ChessBase"]
[SourceDate "1998.04.29"]

1. e4 {C22: Mittelgambit} 1... e5 2. d4 exd4 3. Qxd4 Nc6 4. Qe3 Nf6 5. Nc3 Bb4
6. Bd2 O-O 7. O-O-O Re8 8. Bc4 d6 9. f3 9... a6 {letzter Buchzug} 10. g4 Be6 (
10... Na5 11. Bf1 $11) 11. Bxe6 Rxe6 12. g5 Nd7 13. h4 Nde5 14. a3 (14. Nge2
Nc4 15. Qf4 15... Qe7 $11) 14... Bc5 $15 15. Qe1 (15. Qf4 $5 $15) 15... Bxg1
$17 16. Qxg1 Nxf3 17. Qg4 Nce5 18. Qg3 Nxd2 19. Rxd2 b5 20. Nd5 (20. h5 20...
Rb8 $17) 20... a5 (20... Nc4 21. Rd4 $17) 21. Nf4 Re8 22. h5 b4 23. g6 (23. Nd5
bxa3 24. bxa3 24... Kh8 $17) 23... h6 24. gxf7+ Nxf7 25. Rg2 Ng5 26. Nh3 Re5 (
26... bxa3 27. Qb3+ Ne6 28. Qxa3 $17) 27. Qb3+ Kh7 28. Rhg1 bxa3 29. Nxg5+ (29.
bxa3 $5 29... Rb8 30. Nxg5+ hxg5 31. Qf7 $19) 29... Rxg5 $19 30. Qxa3 Rxg2 31.
Rxg2 Qh4 32. Qg3 Qxg3 33. Rxg3 Re8 34. Rg4 Re5 35. Rh4 g6 36. hxg6+ Kxg6 37.
Rg4+ Rg5 38. Rf4 h5 39. b3 (39. Kd2 39... a4 $19) 39... Rg4 40. Rf8 Rxe4 41.
Kd2 Re5 42. Rh8 Kg7 43. Rc8 Rc5 44. c4 Kf6 45. Ke3 Ke6 46. Ke4 (46. Re8+ Kf5
47. Rg8 Re5+ 48. Kf3 48... d5 $19) 46... Kd7 (46... a4 47. bxa4 Rxc4+ 48. Kf3
Rxa4 49. Rxc7 $19) 47. Rb8 (47. Rh8 47... Kc6 $19) 47... a4 48. Kd4 axb3 49.
Rxb3 h4 50. Re3 Rh5 51. Rh3 Kc6 (51... Kc6 52. Kd3 52... Kc5 $19) 0-1

[Event "Bad Woerishofen op"]
[Site "Bad Woerishofen"]
[Date "2001.??.??"]
[Round "6"]
[White "Trifunovic, Dusan"]
[Black "Ring, Gregor"]
[Result "1-0"]
[WhiteElo "2063"]
[BlackElo "1803"]
[Annotator "ChessOrg"]
[PlyCount "99"]
[EventDate "1998.03.05"]
[Source "ChessBase"]
[SourceDate "1998.04.29"]

1. e4 {B22: Sizilianisch (Alapin 2.c3)} 1... c5 2. c3 d6 3. g3 {letzter Buchzug
} 3... Nf6 4. Na3 Bd7 5. Bg2 Bc6 6. Qe2 g6 7. Nc2 Bg7 8. d3 O-O 9. h4 h5 10.
Bg5 Nbd7 11. Ne3 b5 12. Nh3 Ne5 13. Bxf6 Bxf6 14. f4 Nd7 15. f5 Be5 16. g4 Bg3+
17. Kd2 Nf6 18. gxh5 Nxh5 19. Qg4 Be8 20. Raf1 Be5 21. fxg6 fxg6 22. Rxf8+ (22.
Qe6+ $5 $142 22... Kg7 23. Rxf8 Kxf8 24. Rf1+ Kg7 25. Ng5 $16) 22... Kxf8 $11
23. Rf1+ Bf6 (23... Nf6 $5 $11) 24. e5 $16 24... dxe5 25. Bxa8 Qxa8 26. Ng5 Nf4
27. Ne6+ Nxe6 28. Qxe6 Bf7 29. Qa6 b4 30. c4 (30. Rxf6 exf6 31. Qxf6 bxc3+ 32.
bxc3 32... Qb7 $16) 30... e4 31. Rxf6 exf6 32. Qxf6 Kg8 33. Nd5 $1 33... Bxd5
$2 (33... Qxd5 34. cxd5) 34. Qxg6+ $18 (34. cxd5 $6 34... Qxd5 35. Qxg6+ Kf8
36. Qxe4 36... Qxa2 $14) 34... Kf8 35. Qd6+ (35. cxd5 $6 35... Qxd5 36. Qxe4
36... Qxa2 $14) 35... Kg7 36. Qxd5 (36. cxd5 $5 36... exd3 37. Qxc5 37... Qb7
$18) 36... Qf8 37. Qg5+ Kh7 38. Qh5+ (38. dxe4 $6 38... Qf2+ 39. Kd3 Qd4+ 40.
Ke2 Qxc4+ 41. Ke3 Qxa2 42. Qh5+ Kg7 43. Qe5+ 43... Kh7 $14) 38... Kg7 39. Qg4+
(39. dxe4 $6 39... Qf2+ 40. Qe2 40... Qxh4 $16) 39... Kh8 40. Qh5+ $4 (40. Qxe4
Qf2+ 41. Qe2 41... Qd4 $18) 40... Kg7 41. Qe5+ Kg8 42. Qg3+ (42. dxe4 $6 42...
Qf2+ 43. Kd3 Qf3+ 44. Kc2 Qe2+ 45. Kc1 Qf1+ 46. Kd2 Qf2+ 47. Kd1 Qf1+ 48. Kd2
48... Qf2+ $11) 42... Kh7 43. dxe4 Qd8+ 44. Kc2 Qd4 45. Qd3 Qf2+ 46. Kb3 Qxh4 (
46... Kh6 47. Qd6+ Kh5 48. Qd8 $18) 47. e5+ (47. Qd7+ Kg8 48. Qd5+ Kg7 49. Qxc5
Qxe4 50. Qxa7+ Kf8 51. Kxb4 Qe1+ 52. Ka4 Qb1 53. Qb8+ 53... Ke7 $18) 47... Kg7
(47... Kh8 48. e6 a6 49. Qd7 Qh3+ 50. Ka4 $18) 48. Qd7+ Kg6 49. Qd6+ Kf5 50.
Qxc5 (50. Qxc5 a6 51. Qd5 $18) 1-0

[Event "Bad Woerishofen op"]
[Site "Bad Woerishofen"]
[Date "2001.??.??"]
[Round "8"]
[White "Trifunovic, Dusan"]
[Black "Rothenhagen, Siegfried"]
[Result "1-0"]
[WhiteElo "2063"]
[BlackElo "1715"]
[Annotator "ChessOrg"]
[PlyCount "49"]
[EventDate "1998.03.05"]
[Source "ChessBase"]
[SourceDate "1998.04.29"]

1. e4 {B22: Sizilianisch (Alapin 2.c3)} 1... c5 2. c3 d5 3. exd5 Qxd5 4. d4 Nc6
5. Nf3 Bg4 6. Be2 Nf6 7. c4 7... Qd6 {letzter Buchzug} 8. d5 Ne5 (8... Bxf3 9.
Bxf3 Nd4 10. Nc3 $11) 9. O-O Nxf3+ 10. Bxf3 Bxf3 11. Qxf3 (11. gxf3 $143 11...
b5 $15) 11... g6 12. Bf4 Qd7 13. d6 O-O-O 14. Nc3 Qc6 15. dxe7 Bxe7 16. Qe2 (
16. Nb5 Qxf3 17. Nxa7+ (17. gxf3 $6 17... a6 18. Na7+ Kd7 19. Rad1+ 19... Ke8
$14) 17... Kd7 18. gxf3 $16) 16... Bd6 $2 (16... Nh5 $142 17. Be5 17... f6 $14)
17. Nb5 $18 17... Bb8 $2 (17... Qe4 $142 18. Nxd6+ Rxd6 19. Qxe4 Nxe4 20. Bxd6
20... Nxd6 $18) 18. Bxb8 Kxb8 19. Qe5+ Ka8 20. Nc7+ Kb8 21. Ne8+ Kc8 (21... Ka8
22. Nxf6 (22. Qxf6 $6 22... Rhxe8 23. Qxc6 23... bxc6 $14) 22... Rd6 23. Ne4
$18) 22. Nxf6 (22. Qxf6 $6 22... Rhxe8 23. Qxf7 23... Re2 $14) 22... Rd6 (22...
Qd6 23. Rfe1 $18) 23. Nd5 Re8 (23... f6 24. Ne7+ Kd7 25. Nxc6 fxe5 26. Nxe5+
Ke6 27. Rfe1 $18) 24. Ne7+ Kd7 (24... Rxe7 25. Qxe7 25... Qc7 $18) 25. Nxc6 (
25. Nxc6 Rxe5 26. Nxe5+ Ke6 27. Rfe1 $18) 1-0

[Event "Bad Woerishofen op"]
[Site "Bad Woerishofen"]
[Date "2001.??.??"]
[Round "2"]
[White "Tschirky, Werner"]
[Black "Dittler, Volkfried"]
[Result "0-1"]
[WhiteElo "1627"]
[BlackElo "1900"]
[Annotator "ChessOrg"]
[PlyCount "76"]
[EventDate "1998.03.05"]
[Source "ChessBase"]
[SourceDate "1998.04.29"]

1. e4 {B50: Sizilianisch (Verschiedenes mit 2...d6)} 1... c5 2. Nf3 d6 3. Bc4
e6 4. O-O 4... Nc6 {letzter Buchzug} 5. c3 Qb6 6. Bb3 Nf6 7. d3 Be7 8. Re1 O-O
9. Nbd2 d5 10. Bc2 Qc7 11. Nf1 b6 12. Bg5 dxe4 13. dxe4 Ba6 14. Bxf6 (14. e5
14... Nd5 $11) 14... Bxf6 (14... gxf6 $143 15. Qd2 $14) 15. Qd2 Rad8 16. Qe3
Ne5 17. Nxe5 Bxe5 18. h3 Bf4 (18... Bxf1 19. Kxf1 Bf4 20. Qf3 $11) 19. Qf3 $11
19... Bxf1 20. Kxf1 Bd2 21. Red1 Rd6 (21... Qh2 22. Bd3 $11) 22. Qe2 Rfd8 23.
Qh5 (23. e5 23... Rd5 $11) 23... g6 24. Qe5 (24. Qh4 $5 $15) 24... Bf4 $17 25.
Qf6 Rxd1+ 26. Bxd1 Rd2 27. Rb1 (27. Ba4 Qd6 28. Re1 28... Be5 $17) 27... Qd6 (
27... Be3 $142 28. fxe3 28... Qh2 $19) 28. Be2 $4 (28. Ke1 h6 29. g3 29... Bg5
$15) 28... Bh6 (28... Rxe2 $142 29. Kxe2 Qd2+ 30. Kf3 30... Bc7 $19) 29. Qf3
$15 29... Qh2 30. Ke1 Qd6 (30... Qg1+ 31. Bf1 31... e5 $15) 31. Rd1 (31. Kf1
$11 $142) 31... Rxd1+ $19 32. Bxd1 Qd2+ 33. Kf1 Qxb2 34. Bb3 Bg7 (34... Qb1+
35. Qd1 Qxe4 36. Qf3 Qb1+ 37. Qd1 $19) 35. e5 (35. c4 $5 $19 $142) 35... Bxe5
36. Qa8+ (36. c4 36... Bd4 $19) 36... Kg7 37. Qxa7 (37. Qf3 Bxc3 38. Qe2 Qc1+
39. Qd1 39... Qf4 $19) 37... Bxc3 38. Qxb6 (38. Qa4 38... b5 $1 39. Qe4 Qc1+
40. Ke2 $19) 38... Bd4 (38... Bd4 39. Ke1 c4 40. Qxd4+ 40... Qxd4 $19) (38...
Qb1+ 39. Ke2 Qe4+ 40. Kd1 Qd3+ 41. Kc1 Qd2+ 42. Kb1 Qb2#) 0-1

[Event "Bad Woerishofen op"]
[Site "Bad Woerishofen"]
[Date "2001.??.??"]
[Round "4"]
[White "Tschirky, Werner"]
[Black "Zillich, Rainer"]
[Result "1-0"]
[WhiteElo "1627"]
[BlackElo "1476"]
[Annotator "ChessOrg"]
[PlyCount "47"]
[EventDate "1998.03.05"]
[Source "ChessBase"]
[SourceDate "1998.04.29"]

1. e4 {B40: Sizilianisch (Klassisches System mit e7-e6))} 1... c5 2. Nf3 e6 3.
d4 cxd4 4. Nxd4 Nf6 5. Bd3 Be7 6. Nc3 d6 7. Be3 {letzter Buchzug} 7... Bd7 8.
Qe2 Nc6 9. Nxc6 Bxc6 10. O-O-O a6 11. f3 b5 12. a3 Qa5 13. Nb1 (13. Bd2 13...
Qb6 $11) 13... e5 (13... b4 $5 $15) 14. Bd2 Qb6 15. g4 a5 16. h4 b4 17. Bg5 Rb8
18. c3 bxa3 19. Nxa3 d5 (19... O-O $5 $15) 20. exd5 $11 20... Ba4 (20... Bxa3
21. bxa3 Nxd5 22. Qxe5+ Kf8 23. Rd2 $15) 21. Rd2 (21. d6 Bxd1 22. Rxd1 22...
Bd8 $16) 21... Bxa3 22. bxa3 (22. Qxe5+ $5 $142 22... Be7 23. Re1 $16) 22...
O-O (22... Qd6 $5 23. Rb2 Rxb2 24. Qxb2 O-O (24... Nxd5 25. Bb5+ Kf8 26. Bxa4
$18) 25. Bxf6 25... gxf6 $15) 23. Bxf6 $14 (23. Qxe5 Qb3 24. Rhh2 Rfe8 (24...
Nxd5 25. Bxh7+ Kxh7 26. Rxd5 $19) 25. Bxf6 Qxc3+ 26. Bc2 Rxe5 27. Bxe5 Qxa3+
28. Kd1 Bxc2+ 29. Ke2 29... Re8 $19) 23... Qxf6 24. Qe4 (24. Qe4 Rfc8 25. Qxa4
(25. Qxh7+ $2 25... Kf8 $19) 25... Qxf3 26. Qxa5 Qxh1+ 27. Rd1 $19) 1-0

[Event "Bad Woerishofen op"]
[Site "Bad Woerishofen"]
[Date "2001.??.??"]
[Round "6"]
[White "Tschirky, Werner"]
[Black "Grundl, Manfred"]
[Result "1/2-1/2"]
[WhiteElo "1627"]
[BlackElo "1800"]
[Annotator "ChessOrg"]
[PlyCount "42"]
[EventDate "1998.03.05"]
[Source "ChessBase"]
[SourceDate "1998.04.29"]

1. e4 {B19: Caro-Kann (Hauptvariante)} 1... c6 2. d4 d5 3. Nd2 dxe4 4. Nxe4 Bf5
5. Ng3 Bg6 6. h4 h6 7. h5 Bh7 8. Bd3 Bxd3 9. Qxd3 e6 10. Nf3 Nf6 11. Bd2 Nbd7
12. O-O-O Qc7 13. Qe2 O-O-O 14. Ne5 Nxe5 15. dxe5 Nd5 16. c4 {letzter Buchzug}
16... Nb4 17. Bxb4 Bxb4 18. f4 Rxd1+ 19. Rxd1 (19. Qxd1 $143 19... Rd8 20. Qf3
20... Rd4 $17) 19... Rd8 20. Kc2 Rxd1 21. Qxd1 Qd7 1/2-1/2

[Event "Bad Woerishofen op"]
[Site "Bad Woerishofen"]
[Date "2001.??.??"]
[Round "9"]
[White "Tschirky, Werner"]
[Black "Pruess, Martin"]
[Result "0-1"]
[WhiteElo "1627"]
[BlackElo "1840"]
[Annotator "ChessOrg"]
[PlyCount "108"]
[EventDate "1998.03.05"]
[Source "ChessBase"]
[SourceDate "1998.04.29"]

1. e4 {B15: Caro-Kann (Flohr-Variante)} 1... g6 2. d4 c6 3. Nc3 Bg7 4. Be3 d5
5. exd5 {letzter Buchzug} 5... cxd5 6. Bb5+ Nc6 7. h3 h5 8. Nf3 a6 9. Bxc6+
bxc6 10. O-O Nh6 11. Bc1 Nf5 12. Ne2 O-O 13. c3 Qb6 14. Kh1 Rb8 15. b4 Nd6 16.
Ng3 Bf5 (16... Nc4 17. Bf4 Rb7 18. Nd2 $11) 17. Nxf5 (17. Bf4 17... Bc8 $14)
17... Nxf5 $11 (17... gxf5 $2 18. Bf4 $18) 18. Be3 Nd6 19. Bf4 Rbd8 20. Bxd6
Rxd6 21. Qd3 Qb5 22. Qc2 e6 23. a4 Qb7 24. Rfb1 Rb8 25. Qd3 Rdd8 26. Ra3 Qa7
27. Rab3 Rb6 28. Qc2 Rdb8 29. Qb2 Qb7 30. b5 $2 (30. Qe2 $5 $11 $142) 30...
cxb5 $17 31. Nd2 Qc7 32. axb5 Rxb5 33. Rxb5 (33. Qa1 Rxb3 34. Rxb3 Rxb3 35.
Nxb3 35... Bf8 $19) 33... Rxb5 34. Qa3 Rxb1+ 35. Nxb1 Qc4 36. Kh2 $2 (36. Nd2
36... Qb5 $19) 36... Qf1 (36... Qe2 37. Qc1 Qxf2 38. Kh1 $19) 37. Nd2 Qxf2 38.
Nf3 Qe2 39. Qc5 Bf8 40. Qc8 Kg7 41. Qd7 Qb5 42. Qc7 Qc4 43. Qe5+ Kg8 44. Ng5 (
44. Qf4 44... Qc8 $19) 44... Qc6 45. Qf6 Qe8 46. Qf1 Be7 (46... a5 47. Nf3 $19)
47. Nf3 Qb5 48. Qe1 (48. Qxb5 axb5 49. g4 hxg4 50. hxg4 50... Kg7 $19) 48...
Bd6+ 49. Kh1 (49. Kg1 49... a5 $19) 49... a5 50. Ng5 Qd7 (50... h4 51. Kg1 Bg3
52. Qd1 $19) 51. g4 (51. c4 Bb4 52. Qe2 52... a4 $19) 51... Bf4 52. Nf3 hxg4
53. hxg4 Qb5 54. g5 (54. Ne5 54... a4 $19) 54... Qd3 (54... Qd3 55. Qf2 55...
a4 $19) (54... a4 55. c4 Qb3 56. Qf1 $19) 0-1

[Event "Bad Woerishofen op"]
[Site "Bad Woerishofen"]
[Date "2001.??.??"]
[Round "4"]
[White "Tsikerdanos, Kostas"]
[Black "Sanna, Giuseppe"]
[Result "1-0"]
[WhiteElo "2000"]
[BlackElo "1620"]
[Annotator "ChessOrg"]
[PlyCount "61"]
[EventDate "1998.03.05"]
[Source "ChessBase"]
[SourceDate "1998.04.29"]

1. Nf3 {A05: Uebergaenge in verschiedene Eroeffnungen} 1... Nf6 2. g3 b6 3. Bg2
Bb7 4. O-O e6 5. d3 d5 6. Nbd2 6... Bd6 {letzter Buchzug} 7. Re1 O-O 8. e4 dxe4
9. dxe4 Be7 10. e5 Nd5 11. a3 c5 12. c4 Nc7 13. Qc2 Nc6 14. Ne4 Ne8 15. Bg5 (
15. Bf4 Nd4 16. Nxd4 16... cxd4 $16) 15... Qc7 (15... Nd4 $5 16. Qb1 Nxf3+ 17.
Bxf3 17... Qc7 $14) 16. Rad1 $14 16... Rd8 17. Rxd8 Bxd8 18. Bxd8 Qxd8 19. Rd1
Qe7 20. Nd6 Nxd6 21. exd6 (21. Rxd6 $2 21... Nxe5 22. Ng5 22... g6 $19) 21...
Qf6 22. h4 Rd8 23. Ng5 g6 (23... Qh6 $5 $16) 24. Qa4 $18 24... Na5 25. Bxb7
Nxb7 26. Qc6 Na5 27. Qc7 Nxc4 (27... Kg7 28. Rd3 28... Nxc4 $18) 28. Ne4 Qf3
29. Qxd8+ Kg7 30. Qf6+ (30. Re1 $5 $142 30... Qf5 $18) 30... Qxf6 31. Nxf6 (31.
Nxf6 Nxd6 32. Nxh7 $18) 1-0

[Event "Bad Woerishofen op"]
[Site "Bad Woerishofen"]
[Date "2001.??.??"]
[Round "6"]
[White "Tsikerdanos, Kostas"]
[Black "Mauss, Ernst"]
[Result "0-1"]
[WhiteElo "2000"]
[BlackElo "1793"]
[Annotator "ChessOrg"]
[PlyCount "88"]
[EventDate "1998.03.05"]
[Source "ChessBase"]
[SourceDate "1998.04.29"]

1. Nf3 {A04: Hollaendisches System ohne Uebergang in andere Systeme} 1... g6 2.
g3 Bg7 3. Bg2 d6 4. O-O Nc6 5. d3 e5 6. Nbd2 Nge7 7. e4 O-O 8. c3 h6 9. b4 a6
10. Qa4 {letzter Buchzug} 10... b5 11. Qc2 a5 12. bxa5 Nxa5 13. Nb3 (13. Rd1
13... Nac6 $11) 13... Be6 14. Be3 c5 15. Nfd2 Nec6 16. f4 b4 (16... exf4 $5 17.
Bxf4 Nxb3 18. Nxb3 18... b4 $15) 17. Nxa5 $14 17... Rxa5 18. f5 bxc3 (18... Bc8
19. f6 Bxf6 20. Nc4 $11) 19. fxe6 cxd2 20. exf7+ Kh7 21. Qxd2 (21. Rf2 21...
Ra7 $14) 21... Ra3 22. Rf2 Nb4 23. Bf1 Qe7 24. Qb2 Rfa8 25. Bd2 Nxd3 26. Bxd3
Rxd3 27. a4 (27. Qc2 Raa3 28. Bc1 28... Rac3 $18) 27... Rd4 (27... d5 28. Qc1
$15) 28. Qc2 Qb7 29. Re2 (29. Re1 $5 $11) 29... Qxf7 $17 30. Bc3 Rc4 31. Qb3 d5
32. exd5 (32. Rf1 Qc7 33. exd5 33... Raxa4 $17) 32... Qxd5 (32... Rxc3 $5 33.
Qxc3 33... e4 $17) 33. Rd1 $15 33... Qf7 34. a5 Rb8 (34... Ra7 $142 35. Rf1
35... Qg8 $15) 35. Qa3 $4 (35. Qxb8 $5 $142 35... Rxc3 36. Qa8 $14) 35... Qe8 (
35... Qf3 $142 36. Rde1 36... Rxc3 $19 (36... Qxc3 $143 37. Qxc3 Rxc3 38. Ra2
$19)) 36. Qa1 Ra4 37. Ra2 Re4 38. a6 Qc6 39. a7 Ra8 40. Ra6 Qb5 41. Qa2 Re2 42.
Qe6 Qb7 43. Rc6 Qxa7 44. Rd7 $4 (44. Qxg6+ $142 44... Kh8 45. Qf5 $17) 44...
Qa1+ (44... Qa1+ 45. Bxa1 Rxa1+ 46. Rd1 Rxd1#) 0-1